000 00715nam a2200265Ia 4500
003 OSt
005 20220918163357.0
006 a|||||r|||| 00| 0
007 ta
008 220917b |||||||| |||| 00| 0 eng d
020 _a0 7100 0005 7
024 _a253,116
037 _cTextual
040 _aARTS
_cARTS
_beng
041 _2eng
_aeng
082 _aYZ0aT2.3, L8
100 _aRobinson Margaret
_912826
245 0 _aSchools and social work
260 _aLondon
_bRoutledge and Kegan Paul UK
_c1978
300 _axiii,268p.
_ccm.
490 _aLibrary of social work series
650 _aSOCIOLOGY
942 _hYZ0aT2.3, L8
_cTEXL
_2CC
999 _c119249
_d119249